00326nam a2200133Ia 450000500170000000800410001704100080005808200160006610000160008224500310009826000400012930000090016965000140017820250729165803.0250729s2017 xx 000 0 und d aeng a372.25 GIRC aDr.Girish S aCreating and Inclie School aBangalorebHalluru Prakashanac2017 a296p aEducation